LEADER 00776nam a2200205 i 4500 001 000000047123 003 CaOOAMICUS 005 20230601161035.0 008 120301s1957 xx u000 u fre u 013 $a18293 040 $aSeMil$bita 245 13$a1: Dans l'Église du Christ. 300 $a139 p., [73] c. di tav. 650 4$aSpiritualità.$0(OLS)http://semarc/subject/5428 700 1 $aColomb, Joseph <1902-1979>.$0(OLS)http://semarc/name/395 773 0 $aColomb, Joseph <1902-1979>$tAu souffle de l'esprit.$dTournai (Belgium) : Desclée & C., 1960.$g1$w()548 850 $aSeMil 852 $aSeMil$W1$xVenegono$y1$m2C III 187$j13278$B13278$CSeMilBibl$Z2$F13278 $81 996 $6245$a1: Dans l'Église du Christ$9(OLS)http://semarc/title/70839 LEADER 00543nab a2200145 i 4500 001 000000312319 003 CaOOAMICUS 005 20180831173049.0 008 180831n xx uu u0 0und r 013 $a21411 040 $aSeMil$bita 100 1 $aPax,.$0(OLS)http://semarc/name/88402 245 10$aFormule eucologiche antiche. (Continuazione da: Puniet (De) Pietro, O.S.B., v) 773 0 $t[Settembre-Dicembre].$g354-369$w()274207 996 $6245$aFormule eucologiche antiche. (Continuazione da: Puniet (De) Pietro, O.S.B., v)$9(OLS)http://semarc/title/386764